[Event "CRO-chT2 Qual 1B Liga"]
[Site "Trogir"]
[Date "2021.11.20"]
[Round "2.1"]
[White "Grgurevic, Boris"]
[Black "Sevo, Igor"]
[Result "1/2-1/2"]
[WhiteElo "2138"]
[BlackElo "2251"]
[PlyCount "112"]
[EventDate "2021.11.19"]
[EventType "team-tourn"]
[EventRounds "3"]
[EventCountry "CRO"]
[SourceTitle "EXT 2023"]
[Source "ChessBase"]
[SourceDate "2022.10.05"]
[SourceVersion "1"]
[SourceVersionDate "2022.10.05"]
[SourceQuality "1"]
[WhiteTeam "Sibenik"]
[BlackTeam "Sveta Nedelja"]
[WhiteTeamCountry "CRO"]
[BlackTeamCountry "CRO"]

1. e4 c5 2. c3 b6 3. d4 Bb7 4. d5 Nf6 5. f3 g6 6. c4 d6 7. Nc3 Bg7 8. Bd3 0-0 9. Nge2 a6 10. 0-0 b5 11. cxb5 axb5 12. Bxb5 Ba6 13. a4 Nbd7 14. Be3 Ne8 15. Qd2 Ne5 16. b3 Nc7 17. Bxa6 Rxa6 18. Bh6 Qb8 19. Bxg7 Kxg7 20. f4 Nd7 21. Rf3 f6 22. Rh3 Rh8 23. Re1 Qb4 24. Nc1 Rb6 25. Nb1 Qxd2 26. Nxd2 Rhb8 27. Nc4 Ra6 28. Rd3 Nb6 29. Nxb6 Raxb6 30. e5 Kf7 31. exf6 Kxf6 32. Kf2 Rb4 33. Kf3 c4 34. bxc4 Rxc4 35. Ne2 Kf7 36. Ra1 Rc5 37. Rad1 Rb4 38. Nc3 Ke8 39. Ke3 Rb3 40. Ne4 Nxd5+ 41. Kf3 Rxd3+ 42. Rxd3 Ra5 43. Ng5 h6 44. Ne6 Kf7 45. Nd8+ Kf6 46. Nc6 Rc5 47. Nd4 Rc4 48. Ne2 Nb4 49. Rd4 Rxd4 50. Nxd4 e5 51. Nb5 Ke6 52. fxe5 dxe5 53. Ke3 Nc6 54. Kd3 Kd5 55. Nc3+ Kc5 56. Ne4+ Kd5 1/2-1/2

[Event "CRO-chT2 Qual 1B Liga"]
[Site "Trogir"]
[Date "2021.11.19"]
[Round "1.2"]
[White "Zubak, Milan"]
[Black "Sevo, Igor"]
[Result "0-1"]
[WhiteElo "1828"]
[BlackElo "2251"]
[PlyCount "58"]
[EventDate "2021.11.19"]
[EventType "team-tourn"]
[EventRounds "3"]
[EventCountry "CRO"]
[SourceTitle "EXT 2023"]
[Source "ChessBase"]
[SourceDate "2022.10.05"]
[SourceVersion "1"]
[SourceVersionDate "2022.10.05"]
[SourceQuality "1"]
[WhiteTeam "Nasice Slavonac"]
[BlackTeam "Sveta Nedelja"]
[WhiteTeamCountry "CRO"]
[BlackTeamCountry "CRO"]

1. d4 Nf6 2. c4 c5 3. e3 g6 4. Nc3 Bg7 5. Nf3 0-0 6. Be2 b6 7. 0-0 Bb7 8. Ne5 d6 9. Bf3 Qc8 10. Bxb7 Qxb7 11. Qf3 Qxf3 12. Nxf3 a6 13. Rb1 Rc8 14. b3 cxd4 15. Na4 Nbd7 16. exd4 b5 17. Nb2 Nb6 18. cxb5 axb5 19. Ra1 b4 20. Bd2 Nbd5 21. Nd3 Rab8 22. Rfe1 e6 23. Kf1 Nc3 24. h3 Nfd5 25. Nb2 Nb5 26. Be3 Na3 27. Rac1 Nc2 28. Nc4 Nxe1 29. Kxe1 Nxe3 0-1

[Event "Pula op 28th"]
[Site "Pula"]
[Date "2014.06.12"]
[Round "7"]
[White "Maier, Christian"]
[Black "Sevo, Igor"]
[Result "1/2-1/2"]
[WhiteElo "2369"]
[BlackElo "2259"]
[PlyCount "65"]
[EventDate "2014.06.07"]
[EventType "swiss"]
[EventRounds "9"]
[EventCountry "CRO"]
[SourceTitle "CBM 160 Extra"]
[Source "ChessBase"]
[SourceDate "2014.07.01"]
[SourceVersion "1"]
[SourceVersionDate "2014.07.01"]
[SourceQuality "1"]

1. d4 Nf6 2. Nf3 g6 3. Nc3 c5 4. dxc5 Bg7 5. e4 Qa5 6. Bd3 Qxc5 7. Be3 Qa5 8. Qd2 Nc6 9. Bh6 0-0 10. Bxg7 Kxg7 11. h3 d6 12. 0-0 Bd7 13. a3 Rac8 14. Rfe1 Ne5 15. Nxe5 dxe5 16. b4 Qc7 17. Nd5 Nxd5 18. exd5 b5 19. a4 a6 20. axb5 axb5 21. Qe3 f6 22. Ra7 Qd6 23. f4 Qxd5 24. fxe5 fxe5 25. Qxe5+ Qxe5 26. Rxe5 Kf6 27. Rxd7 Kxe5 28. Rxe7+ Kf4 29. Re4+ Kg5 30. Re5+ Kf4 31. Re4+ Kg5 32. Re5+ Kf4 33. Re4+ 1/2-1/2

[Event "Topusko op 2nd"]
[Site "Topusko"]
[Date "2013.08.07"]
[Round "5"]
[White "Turk, Tajana"]
[Black "Sevo, Igor"]
[Result "0-1"]
[WhiteElo "1912"]
[BlackElo "2240"]
[PlyCount "102"]
[EventDate "2013.08.03"]
[EventType "swiss"]
[EventRounds "7"]
[EventCountry "CRO"]
[SourceTitle "CBM 155 Extra"]
[Source "ChessBase"]
[SourceDate "2013.08.26"]
[SourceVersion "1"]
[SourceVersionDate "2013.08.26"]
[SourceQuality "1"]

1. d4 Nf6 2. Nf3 g6 3. g3 Bg7 4. Bg2 0-0 5. 0-0 d6 6. c4 c5 7. Nc3 cxd4 8. Nxd4 a6 9. Nb3 Qc7 10. Nd5 Nxd5 11. cxd5 Nd7 12. e4 a5 13. a4 b6 14. Nd4 Ba6 15. Re1 Ne5 16. Ra3 Nd7 17. Nc6 Nc5 18. Bf1 Bb7 19. Nd4 Rad8 20. f3 h6 21. Be3 Kh7 22. Qd2 e6 23. Nb5 Qe7 24. Bd4 Bxd4+ 25. Nxd4 e5 26. Nb5 f5 27. Bg2 fxe4 28. fxe4 Rf7 29. b4 axb4 30. Qxb4 Rdf8 31. Qd2 Ba6 32. Rb1 Rf6 33. Qe3 Qf7 34. h3 h5 35. Ra2 h4 36. Kh2 Qe7 37. Qg5 hxg3+ 38. Qxg3 Rf4 39. Rb4 R8f7 40. Bh1 Qf6 41. Bg2 g5 42. Ra3 Bc8 43. Qe1 Qh6 44. Kg1 Rh4 45. Qe3 Qg6 46. Qg3 Qh6 47. Qe3 Rff4 48. Na7 Bd7 49. Qg3 g4 50. hxg4 Rfxg4 51. Qf2 Rh1# 0-1

[Event "Topusko op 2nd"]
[Site "Topusko"]
[Date "2013.08.06"]
[Round "4"]
[White "Sevo, Igor"]
[Black "Salihovic, Amar"]
[Result "0-1"]
[WhiteElo "2240"]
[BlackElo "2240"]
[PlyCount "62"]
[EventDate "2013.08.03"]
[EventType "swiss"]
[EventRounds "7"]
[EventCountry "CRO"]
[SourceTitle "CBM 155 Extra"]
[Source "ChessBase"]
[SourceDate "2013.08.26"]
[SourceVersion "1"]
[SourceVersionDate "2013.08.26"]
[SourceQuality "1"]

1. e4 e5 2. Nf3 Nc6 3. Bb5 a6 4. Bxc6 dxc6 5. 0-0 f6 6. d4 exd4 7. Nxd4 c5 8. Nb3 Qxd1 9. Rxd1 Bd7 10. Bf4 0-0-0 11. Nc3 Re8 12. Rd2 c4 13. Na5 Bc6 14. Nd5 Bxd5 15. Rxd5 Rxe4 16. Rad1 Be7 17. Bg3 Nh6 18. f3 Re2 19. c3 Rxb2 20. Rd7 Bd8 21. Nxc4 Rxa2 22. Rxg7 Nf5 23. Rf7 b5 24. Nd2 Ne3 25. Re1 Nxg2 26. Kxg2 Rxd2+ 27. Kh3 Rd3 28. c4 b4 29. c5 Rd7 30. Rxd7 Kxd7 31. Rc1 Kc6 0-1

[Event "Topusko op 2nd"]
[Site "Topusko"]
[Date "2013.08.04"]
[Round "2"]
[White "Sevo, Igor"]
[Black "Ognjan, Renato"]
[Result "1-0"]
[WhiteElo "2240"]
[BlackElo "2076"]
[PlyCount "83"]
[EventDate "2013.08.03"]
[EventType "swiss"]
[EventRounds "7"]
[EventCountry "CRO"]
[SourceTitle "CBM 155 Extra"]
[Source "ChessBase"]
[SourceDate "2013.08.26"]
[SourceVersion "1"]
[SourceVersionDate "2013.08.26"]
[SourceQuality "1"]

1. e4 c5 2. Nf3 e6 3. d4 cxd4 4. Nxd4 a6 5. Bd3 Nf6 6. 0-0 Qc7 7. Nc3 Nc6 8. Nb3 b5 9. a3 Bb7 10. Qe2 Be7 11. f4 d6 12. Kh1 0-0 13. Be3 Rfe8 14. Bg1 Bf8 15. Rad1 g6 16. Qf2 Bg7 17. Qh4 b4 18. axb4 Nxb4 19. Bd4 Nxd3 20. cxd3 Qd8 21. h3 Rb8 22. Ba7 Nxe4 23. Qg4 Nf6 24. Qe2 Ra8 25. Qf2 Qd7 26. Bd4 a5 27. Nd2 Nd5 28. Bxg7 Kxg7 29. Qd4+ f6 30. Nxd5 Bxd5 31. Ne4 Bxe4 32. dxe4 Red8 33. Rc1 Qa7 34. Qd2 d5 35. e5 fxe5 36. fxe5 Rf8 37. Rf6 Qd7 38. Rcf1 Rxf6 39. exf6+ Kf7 40. Qh6 e5 41. Qxh7+ Ke6 42. f7 1-0

[Event "Topusko op 2nd"]
[Site "Topusko"]
[Date "2013.08.03"]
[Round "1"]
[White "Kamenecki, Stjepan"]
[Black "Sevo, Igor"]
[Result "0-1"]
[WhiteElo "1939"]
[BlackElo "2240"]
[PlyCount "84"]
[EventDate "2013.08.03"]
[EventType "swiss"]
[EventRounds "7"]
[EventCountry "CRO"]
[SourceTitle "CBM 155 Extra"]
[Source "ChessBase"]
[SourceDate "2013.08.26"]
[SourceVersion "1"]
[SourceVersionDate "2013.08.26"]
[SourceQuality "1"]

1. d4 Nf6 2. c4 g6 3. Nc3 c5 4. d5 d6 5. e4 Bg7 6. Be2 0-0 7. Nf3 b5 8. cxb5 a6 9. 0-0 axb5 10. Bxb5 Ba6 11. Bxa6 Rxa6 12. Re1 Nbd7 13. Qc2 Ng4 14. h3 Nge5 15. Nxe5 Nxe5 16. b3 c4 17. Be3 Qa5 18. Bd2 Rc8 19. Na4 Qb5 20. Rac1 Qd7 21. Re3 Rb8 22. Rb1 Raa8 23. f4 Nd3 24. Qxc4 Rxa4 25. Qxd3 Rxa2 26. Bc3 Bxc3 27. Qxc3 Rc8 28. Qd4 Rcc2 29. Rg3 Rd2 30. Qb4 Qc7 31. Kh2 Rf2 32. f5 Qc2 33. Rg1 Qb2 34. fxg6 hxg6 35. Rg5 Qf6 36. Rg4 Kg7 37. Qc4 Qe5+ 38. Kh1 Rac2 39. Qb5 Qh5 40. Rf1 Rxg2 41. Rf3 Rxg4 42. Qe8 Rf4 0-1

[Event "Pula op 27th"]
[Site "Pula"]
[Date "2013.06.13"]
[Round "7"]
[White "Sevo, Igor"]
[Black "Tratar, Marko"]
[Result "0-1"]
[WhiteElo "2206"]
[BlackElo "2508"]
[PlyCount "122"]
[EventDate "2013.06.08"]
[EventType "swiss"]
[EventRounds "9"]
[EventCountry "CRO"]
[SourceTitle "CBM 154 Extra"]
[Source "ChessBase"]
[SourceDate "2013.06.25"]
[SourceVersion "2"]
[SourceVersionDate "2013.06.25"]
[SourceQuality "1"]

1. e4 e6 2. d4 d5 3. Nc3 Nf6 4. Bg5 Bb4 5. e5 h6 6. Bd2 Bxc3 7. bxc3 Ne4 8. Bd3 Nxd2 9. Qxd2 c5 10. h4 Qa5 11. h5 Nc6 12. Rh4 Bd7 13. Nf3 c4 14. Bf1 Qa3 15. Rb1 Qxa2 16. Qc1 Qa5 17. Kd2 b5 18. Rg4 Rg8 19. Ra1 Qb6 20. Qa3 b4 21. cxb4 Qxb4+ 22. Qxb4 Nxb4 23. c3 Nc6 24. Be2 Ke7 25. Bd1 a5 26. Bc2 a4 27. Rxa4 Nxe5 28. Rxa8 Nxf3+ 29. gxf3 Rxa8 30. Rxg7 Ra2 31. Kc1 Kf8 32. Rg3 Ba4 33. Bxa4 Rxa4 34. Kb2 Ke7 35. Rg4 Ra8 36. Kb1 Rb8+ 37. Kc2 Ra8 38. Kb2 Ra7 39. Rh4 Kf6 40. Rg4 Kf5 41. Kb1 Re7 42. Kc2 e5 43. dxe5 Rxe5 44. Kd2 Ke6 45. Rh4 Rg5 46. Rh1 Kd6 47. f4 Rf5 48. Ke3 Kc5 49. Kf3 d4 50. Ke4 Rd5 51. cxd4+ Rxd4+ 52. Ke5 Rd6 53. f5 f6+ 54. Ke4 c3 55. Ra1 Kc4 56. Ra8 c2 57. Rc8+ Kb3 58. Rc7 Rd1 59. Rc8 c1Q 60. Rxc1 Rxc1 61. Kd5 Re1 0-1

[Event "Pula op 27th"]
[Site "Pula"]
[Date "2013.06.11"]
[Round "5"]
[White "Sevo, Igor"]
[Black "Lizak, Peter"]
[Result "1/2-1/2"]
[WhiteElo "2206"]
[BlackElo "2420"]
[PlyCount "92"]
[EventDate "2013.06.08"]
[EventType "swiss"]
[EventRounds "9"]
[EventCountry "CRO"]
[SourceTitle "CBM 154 Extra"]
[Source "ChessBase"]
[SourceDate "2013.06.25"]
[SourceVersion "2"]
[SourceVersionDate "2013.06.25"]
[SourceQuality "1"]

1. e4 c6 2. d4 d5 3. Nc3 dxe4 4. Nxe4 Bf5 5. Ng3 Bg6 6. h4 h6 7. h5 Bh7 8. Nf3 Nd7 9. Bd3 Bxd3 10. Qxd3 e6 11. Bf4 Qa5+ 12. Bd2 Bb4 13. Ne4 Ngf6 14. Nd6+ Ke7 15. Nc4 Bxd2+ 16. Nfxd2 Qc7 17. 0-0-0 c5 18. Ne3 cxd4 19. Qxd4 Nc5 20. Nb3 Rhc8 21. g4 Nxb3+ 22. axb3 Qc5 23. Qf4 Rd8 24. Rhe1 Rxd1+ 25. Rxd1 Rc8 26. c3 b5 27. b4 Qc7 28. Qf3 a5 29. bxa5 Qxa5 30. Qb7+ Rc7 31. Qb8 Nd7 32. Qg8 b4 33. Kd2 bxc3+ 34. bxc3 Qxc3+ 35. Ke2 Qb2+ 36. Kf3 Qf6+ 37. Kg2 Nf8 38. Re1 Rc5 39. Rb1 Qe5 40. Re1 Ke8 41. Kf1 Qe4 42. Qxg7 Qh1+ 43. Ke2 Qe4 44. Kf1 Qh1+ 45. Ke2 Qe4 46. Kf1 Qh1+ 1/2-1/2

[Event "Pula op 27th"]
[Site "Pula"]
[Date "2013.06.10"]
[Round "3"]
[White "Sevo, Igor"]
[Black "Ledger, Andrew"]
[Result "1-0"]
[WhiteElo "2206"]
[BlackElo "2389"]
[PlyCount "113"]
[EventDate "2013.06.08"]
[EventType "swiss"]
[EventRounds "9"]
[EventCountry "CRO"]
[SourceTitle "CBM 154 Extra"]
[Source "ChessBase"]
[SourceDate "2013.06.25"]
[SourceVersion "2"]
[SourceVersionDate "2013.06.25"]
[SourceQuality "1"]

1. e4 c6 2. d4 d5 3. Nc3 dxe4 4. Nxe4 Nd7 5. Nf3 Ngf6 6. Ng3 c5 7. Be2 cxd4 8. Nxd4 g6 9. 0-0 Bg7 10. Re1 0-0 11. Bf3 Re8 12. c3 a6 13. Nb3 Qc7 14. Be3 Ne5 15. Bf4 Nxf3+ 16. Qxf3 e5 17. Bg5 Bg4 18. Qe3 Nd5 19. Qd2 Be6 20. Ne4 Nf4 21. Nbc5 b6 22. Nxe6 Rxe6 23. Rad1 h6 24. Bd8 Qc6 25. Qd7 f5 26. Qxc6 Rxc6 27. Ng3 e4 28. Be7 Nd3 29. Re2 Re8 30. Ba3 Ne5 31. Red2 Nc4 32. Rd7 Nxa3 33. bxa3 f4 34. Ne2 g5 35. h4 f3 36. Nd4 Rxc3 37. Nf5 Bf8 38. Rb7 Rc6 39. Rdd7 Rf6 40. Ng7 Rc8 41. Nh5 Rd6 42. Rf7 Rcc6 43. gxf3 exf3 44. Rxf3 g4 45. Rf5 Rd1+ 46. Kg2 Bc5 47. Nf6+ Kf8 48. Nxg4+ Ke8 49. Ne5 Rcd6 50. Rff7 Re6 51. f4 Bd6 52. Rh7 Rf6 53. Ra7 Bf8 54. Nd7 Rg6+ 55. Kf3 Bg7 56. Ne5 Rgg1 57. Rhxg7 1-0

[Event "Zadar op-B 16th"]
[Site "Zadar"]
[Date "2009.12.15"]
[Round "4"]
[White "Sevo, Igor"]
[Black "Medancic, Rikard"]
[Result "0-1"]
[WhiteElo "2235"]
[BlackElo "2251"]
[PlyCount "84"]
[EventDate "2009.12.13"]
[EventType "swiss"]
[EventRounds "9"]
[EventCountry "CRO"]
[SourceTitle "CBM 133 Extra"]
[Source "ChessBase"]
[SourceDate "2010.01.05"]
[SourceVersion "1"]
[SourceVersionDate "2010.01.05"]
[SourceQuality "1"]

1. e4 d5 2. e5 c5 3. b4 cxb4 4. a3 Nc6 5. axb4 Nxe5 6. Bb2 Nd7 7. c4 dxc4 8. Bxc4 Ngf6 9. Nf3 e6 10. 0-0 Be7 11. Qb3 Nb6 12. d3 0-0 13. Nbd2 Bd7 14. Ne5 Be8 15. Ndf3 Nbd7 16. Rfe1 Nxe5 17. Nxe5 b5 18. Bxe6 fxe6 19. Qxe6+ Bf7 20. Qa6 Bd5 21. Qxb5 Rb8 22. Qa6 Bxb4 23. Re2 Bc5 24. Rc1 Bb6 25. Qa1 Rc8 26. Rce1 Ba8 27. Kh1 Qd5 28. f3 Rc7 29. Nc4 Bc5 30. Qa5 Rd7 31. Re5 Qxf3 32. Rg5 Qf2 33. Ne5 Bb6 34. Qa1 Rd5 35. Rf1 Qd2 36. Rg3 Ra5 37. Qb1 Rb5 38. Nc4 Qe2 39. Qa1 Bf2 40. Rxf2 Qxf2 41. Bd4 Qe2 42. h3 Nh5 0-1

[Event "Zadar op-B 16th"]
[Site "Zadar"]
[Date "2009.12.14"]
[Round "2"]
[White "Tisma, Nebojsa"]
[Black "Sevo, Igor"]
[Result "0-1"]
[WhiteElo "2085"]
[BlackElo "2235"]
[PlyCount "88"]
[EventDate "2009.12.13"]
[EventType "swiss"]
[EventRounds "9"]
[EventCountry "CRO"]
[SourceTitle "CBM 133 Extra"]
[Source "ChessBase"]
[SourceDate "2010.01.05"]
[SourceVersion "1"]
[SourceVersionDate "2010.01.05"]
[SourceQuality "1"]

1. d4 Nf6 2. c4 g6 3. Nc3 Bg7 4. e4 d6 5. f4 0-0 6. Nf3 Na6 7. Be2 Qe8 8. 0-0 e5 9. fxe5 dxe5 10. d5 Nc5 11. Qc2 a5 12. b3 Bg4 13. Ba3 Nfd7 14. Rad1 Qc8 15. h3 Bxf3 16. Bxf3 Re8 17. Bg4 Bf8 18. Qf2 f6 19. Qxf6 Nxf6 20. Bxc8 Raxc8 21. Rxf6 Nd7 22. Rxf8+ Nxf8 23. c5 Nd7 24. Nb5 Nf6 25. d6 c6 26. d7 Nxd7 27. Nd6 Nf6 28. Nxc8 Rxc8 29. Re1 Kf7 30. Bb2 Ke6 31. Kf2 a4 32. Ke3 axb3 33. axb3 Rd8 34. Ra1 Nh5 35. Ra7 Nf4 36. g3 Rd3+ 37. Kf2 Nxh3+ 38. Kg2 Rxb3 39. Bxe5 Kxe5 40. Kxh3 Kxe4 41. Ra4+ Ke5 42. Rh4 h5 43. Rc4 g5 44. Rc2 h4 0-1

[Event "CRO-chT2 Center"]
[Site "Zagreb"]
[Date "2005.04.17"]
[Round "2.6"]
[White "Sevo, Igor"]
[Black "Jerbic, Vedran"]
[Result "1-0"]
[WhiteElo "2202"]
[BlackElo "2073"]
[PlyCount "121"]
[EventDate "2005.04.03"]
[EventType "team-tourn"]
[EventRounds "11"]
[EventCountry "CRO"]
[SourceTitle "EXT 2007"]
[Source "ChessBase"]
[SourceDate "2006.11.23"]
[SourceVersion "1"]
[SourceVersionDate "2006.11.23"]
[SourceQuality "1"]

1. e4 c5 2. Nf3 Nc6 3. d4 cxd4 4. Nxd4 e5 5. Nxc6 bxc6 6. Bc4 Nf6 7. Nc3 Be7 8. 0-0 0-0 9. Bg5 Bb7 10. Qd3 h6 11. Bxf6 Bxf6 12. Rfd1 Qb6 13. Bb3 Rad8 14. Qd6 c5 15. Qxb6 axb6 16. Na4 Bxe4 17. Nxb6 d6 18. c3 Bc6 19. Bd5 Rb8 20. Nc4 Bxd5 21. Rxd5 Be7 22. Rad1 Rfd8 23. R1d2 f6 24. b3 Ra8 25. g3 Kf7 26. f4 g6 27. Kf2 Ke6 28. Ke3 Rxa2 29. Rxd6+ Rxd6 30. Rxa2 Rc6 31. fxe5 fxe5 32. Ke4 Bf6 33. Ra8 h5 34. h3 Rc7 35. Ra6+ Kf7 36. Rb6 Bg7 37. Nxe5+ Bxe5 38. Kxe5 Re7+ 39. Kf4 Rd7 40. Rb5 Rc7 41. c4 Rc6 42. Kg5 Rc7 43. Rb6 Rd7 44. Rf6+ Ke7 45. Rxg6 Rd3 46. Kh4 Rxb3 47. Rc6 Rc3 48. Rxc5 Kf6 49. Rxh5 Rxc4+ 50. g4 Kg6 51. Ra5 Rc6 52. Ra3 Rb6 53. Kg3 Kg5 54. h4+ Kg6 55. Ra4 Rb1 56. Ra6+ Kg7 57. h5 Rb3+ 58. Kh4 Rb4 59. h6+ Kh7 60. Kh5 Rb1 61. Ra7+ 1-0

[Event "CRO-chT2 Center"]
[Site "Zagreb"]
[Date "2005.04.03"]
[Round "1.1"]
[White "Sevo, Igor"]
[Black "Cop, Tomislav"]
[Result "1/2-1/2"]
[WhiteElo "2202"]
[BlackElo "2214"]
[PlyCount "89"]
[EventDate "2005.04.03"]
[EventType "team-tourn"]
[EventRounds "11"]
[EventCountry "CRO"]
[SourceTitle "EXT 2007"]
[Source "ChessBase"]
[SourceDate "2006.11.23"]
[SourceVersion "1"]
[SourceVersionDate "2006.11.23"]
[SourceQuality "1"]

1. e4 c6 2. d3 d5 3. Nd2 g6 4. g3 Bg7 5. Bg2 Nf6 6. e5 Ng4 7. d4 h5 8. h3 Nh6 9. Ne2 c5 10. c3 Nc6 11. 0-0 Nf5 12. Nf3 cxd4 13. cxd4 Qb6 14. b3 Bd7 15. Bb2 a5 16. Nf4 e6 17. a3 Bh6 18. Ne2 Bg7 19. Re1 Na7 20. Nf4 Nc6 21. Rb1 Rc8 22. Qd3 Bh6 23. Ne2 Na7 24. a4 Nc6 25. Ba3 Nb4 26. Bxb4 Qxb4 27. g4 hxg4 28. hxg4 Ne7 29. g5 Bg7 30. Rec1 Rxc1+ 31. Rxc1 Bc6 32. Nh2 Rh4 33. Nf3 Rh8 34. Ng3 Kd8 35. Bf1 Bf8 36. Kg2 Kd7 37. Be2 Nf5 38. Nxf5 gxf5 39. Rh1 Rxh1 40. Kxh1 Be7 41. Kg2 Qb6 42. Kg3 Qd8 43. Kf4 Qh8 44. Qd1 Qh5 45. Qg1 1/2-1/2

[Event "CRO-chT"]
[Site "Rabac"]
[Date "2003.09.13"]
[Round "7"]
[White "Sevo, Igor"]
[Black "Kuljasevic, Davorin"]
[Result "1-0"]
[WhiteElo "2163"]
[BlackElo "2419"]
[PlyCount "89"]
[EventDate "2003.09.07"]
[EventType "team"]
[EventRounds "9"]
[EventCountry "CRO"]
[SourceTitle "CBM 096 Extra"]
[Source "ChessBase"]
[SourceDate "2003.10.22"]
[SourceVersion "2"]
[SourceVersionDate "2003.10.20"]
[SourceQuality "1"]

1. e4 c5 2. Nf3 Nc6 3. d4 cxd4 4. Nxd4 Nf6 5. Nc3 e5 6. Nxc6 bxc6 7. Bc4 Bb4 8. Bg5 h6 9. Bxf6 Qxf6 10. 0-0 0-0 11. a3 Be7 12. Qd3 a5 13. Na4 Rb8 14. Ba6 Qe6 15. Bxc8 Rfxc8 16. c4 d6 17. Rac1 Rd8 18. Rfd1 Rf8 19. c5 dxc5 20. Qc4 Qxc4 21. Rxc4 Rfd8 22. Rxd8+ Rxd8 23. Kf1 Rd1+ 24. Ke2 Rb1 25. Rc2 f6 26. Rd2 Kf8 27. Rd1 Rxd1 28. Kxd1 Kf7 29. Kd2 f5 30. f3 fxe4 31. fxe4 Kg6 32. Nb6 Kg5 33. Nc4 Kf4 34. Kd3 a4 35. Nb6 h5 36. Nxa4 c4+ 37. Kxc4 Kxe4 38. Nc3+ Ke3 39. a4 Kf2 40. g3 Kg2 41. a5 Bd8 42. b4 Bc7 43. Kc5 Bb8 44. Kxc6 Ba7 45. a6 1-0

[Event "Zagreb op"]
[Site "Zagreb"]
[Date "1998.01.04"]
[Round "2"]
[White "Sevo, Igor"]
[Black "Bukal, Vladimir Sr"]
[Result "1-0"]
[WhiteElo "2150"]
[BlackElo "2400"]
[PlyCount "61"]
[EventDate "1998.01.03"]
[EventType "swiss"]
[EventRounds "9"]
[EventCountry "CRO"]
[SourceTitle "CBM 062 Extra"]
[Source "ChessBase"]
[SourceDate "1998.03.09"]
[SourceVersion "1"]
[SourceVersionDate "1998.03.09"]
[SourceQuality "1"]

1. e4 e6 2. d4 c5 3. d5 exd5 4. exd5 d6 5. c4 Nf6 6. Bd3 g6 7. Nf3 Bg7 8. Qe2+ Kf8 9. h3 h6 10. Nc3 Kg8 11. Bf4 Kh7 12. 0-0 Na6 13. Qd2 Nc7 14. a4 Re8 15. Rfe1 Rxe1+ 16. Rxe1 b6 17. Qe2 Bf8 18. Nd2 a6 19. Qf3 Rb8 20. Nde4 Nxe4 21. Nxe4 Bf5 22. Bh2 Kg8 23. g4 Bxe4 24. Rxe4 Qd7 25. h4 Qxa4 26. h5 g5 27. Qf5 Rd8 28. Re8 Qd1+ 29. Kg2 Qxg4+ 30. Qxg4 Nxe8 31. f4 1-0

[Event "Paks Atom Cup IM 3rd"]
[Site "Paks"]
[Date "1998.??.??"]
[Round "4"]
[White "Sevo, Igor"]
[Black "Jagodzinski, Andreas"]
[Result "0-1"]
[WhiteElo "2155"]
[BlackElo "2215"]
[PlyCount "98"]
[EventDate "1998.09.??"]
[EventType "tourn"]
[EventRounds "11"]
[EventCountry "HUN"]
[EventCategory "2"]
[SourceTitle "EXT 1999"]
[Source "ChessBase"]
[SourceDate "1998.11.16"]
[SourceVersion "1"]
[SourceVersionDate "1998.11.16"]
[SourceQuality "1"]

1. e4 c5 2. b4 cxb4 3. d4 d5 4. e5 Bf5 5. a3 e6 6. Bd2 Nc6 7. Nf3 Nh6 8. axb4 Bxb4 9. c3 Be7 10. Be2 Bg4 11. Bxh6 gxh6 12. h3 Bf5 13. g4 Bg6 14. Nbd2 Qb6 15. Ra2 a6 16. h4 h5 17. g5 Rc8 18. Rh3 Na7 19. Ng1 Nb5 20. Rb2 Qa5 21. Bxb5+ axb5 22. Ne2 b4 23. cxb4 Bxb4 24. Rhb3 Bc3 25. Qc1 Bxd2+ 26. Qxd2 Qa8 27. Ra2 Qb8 28. Qb4 Rc4 29. Qa3 Rc7 30. Rc3 Rc6 31. Rb2 Kd7 32. Rxc6 Kxc6 33. Qa4+ b5 34. Qb4 Bd3 35. Nc3 Rc8 36. Ra2 Kd7 37. Ra6 Ke8 38. Qa5 Kf8 39. Kd2 Bf1 40. Ra7 b4 41. Nd1 Kg7 42. Ke1 Bh3 43. Qa4 b3 44. Qa3 Qb5 45. Ra8 Qf1+ 46. Kd2 Rc2+ 47. Ke3 Re2+ 48. Kf3 Bg2+ 49. Kg3 Qg1 0-1

[Event "Paks Atom Cup IM 3rd"]
[Site "Paks"]
[Date "1998.??.??"]
[Round "9"]
[White "Sevo, Igor"]
[Black "Meszaros, Gyula"]
[Result "0-1"]
[WhiteElo "2155"]
[BlackElo "2305"]
[PlyCount "48"]
[EventDate "1998.09.??"]
[EventType "tourn"]
[EventRounds "11"]
[EventCountry "HUN"]
[EventCategory "2"]
[SourceTitle "EXT 1999"]
[Source "ChessBase"]
[SourceDate "1998.11.16"]
[SourceVersion "1"]
[SourceVersionDate "1998.11.16"]
[SourceQuality "1"]

1. e4 e6 2. d4 d5 3. Nc3 Bb4 4. e5 Ne7 5. a3 Bxc3+ 6. bxc3 c5 7. h4 Qa5 8. Bd2 Nbc6 9. h5 h6 10. Nf3 Bd7 11. Bd3 0-0-0 12. Rh4 c4 13. Bf1 f6 14. Qe2 fxe5 15. Nxe5 Nxe5 16. Qxe5 g5 17. Rh2 Nc6 18. Qg3 Qa4 19. Kd1 e5 20. dxe5 Bf5 21. Ra2 d4 22. Kc1 d3 23. cxd3 cxd3 24. Qf3 Bg4 0-1

[Event "Pula op 11th"]
[Site "Pula"]
[Date "1997.??.??"]
[Round "1"]
[White "Sevo, Igor"]
[Black "Lutz, Christopher"]
[Result "0-1"]
[WhiteElo "2140"]
[BlackElo "2555"]
[PlyCount "44"]
[EventDate "1997.05.??"]
[EventType "swiss"]
[EventRounds "9"]
[EventCountry "CRO"]
[SourceTitle "EXT 2000"]
[Source "ChessBase"]
[SourceDate "1999.11.16"]
[SourceVersion "1"]
[SourceVersionDate "1999.11.16"]
[SourceQuality "1"]

1. e4 c5 2. Nf3 d6 3. d4 cxd4 4. Nxd4 Nf6 5. Nc3 a6 6. Bc4 e6 7. Bb3 Be7 8. f4 Nc6 9. Be3 Qc7 10. Qe2 Na5 11. 0-0-0 b5 12. Bf2 Nxb3+ 13. axb3 b4 14. Nb1 0-0 15. Nd2 Bd7 16. g4 Rfc8 17. g5 Ne8 18. N2f3 a5 19. Be1 Qb7 20. h4 a4 21. h5 axb3 22. Nxb3 Ba4 0-1

[Event "Zadar op"]
[Site "Zadar"]
[Date "1995.??.??"]
[Round "?"]
[White "Sevo, Igor"]
[Black "Biliskov, Vjekoslav"]
[Result "0-1"]
[WhiteElo "2125"]
[BlackElo "2320"]
[PlyCount "54"]
[EventDate "1995.12.??"]
[EventType "swiss"]
[EventRounds "9"]
[EventCountry "CRO"]
[SourceTitle "EXT 2000"]
[Source "ChessBase"]
[SourceDate "1999.11.16"]
[SourceVersion "1"]
[SourceVersionDate "1999.11.16"]
[SourceQuality "1"]

1. e4 c5 2. Nf3 d6 3. d4 cxd4 4. Nxd4 Nf6 5. Nc3 Nc6 6. Be2 e5 7. Nb3 Be7 8. 0-0 0-0 9. Be3 a5 10. a4 Nb4 11. Nd5 Nfxd5 12. exd5 Bf5 13. Rc1 Be4 14. f3 Bxd5 15. c3 Bg5 16. f4 exf4 17. cxb4 Bxb3 18. Qxb3 fxe3 19. bxa5 Qxa5 20. Rcd1 Qxa4 21. Qxb7 Rab8 22. Qc7 Rxb2 23. Rxf7 Qxd1+ 24. Bxd1 Rxf7 25. Qc8+ Rf8 26. Qe6+ Kh8 27. Qe4 d5 0-1